Том III: Курсы и учебные пособия; Собрание трудов

Dettagli Bibliografici
Parent link:Собрание трудов: в 5-ти тт./ А. А. Байков; Академия наук СССР (АН СССР) ; отв. ред. акад. И. П. Бардин. Том III: Курсы и учебные пособия.— , 1948-1952
Lingua:russo
Pubblicazione: 1950
Soggetti:
Natura: MixedMaterials Libro
KOHA link:https://koha.lib.tpu.ru/cgi-bin/koha/opac-detail.pl?biblionumber=200120

MARC

LEADER 00000nam2a2200000 4500
001 200120
005 20231031184547.0
035 |a (RuTPU)RU\TPU\book\218181 
090 |a 200120 
100 |a 20110901d1950 k y0rusy50 ca 
101 0 |a rus 
102 |a RU 
105 |a af z 000zy 
200 0 |a Том III: Курсы и учебные пособия 
210 |d 1950 
215 |a 572 с.  |c ил. 
461 1 |0 (RuTPU)RU\TPU\book\218141  |t Собрание трудов  |o в 5-ти тт.  |f А. А. Байков  |g Академия наук СССР (АН СССР) ; отв. ред. акад. И. П. Бардин  |v Том III: Курсы и учебные пособия  |d 1948-1952 
610 1 |a общая металлургия 
610 1 |a сталь 
610 1 |a металлография 
610 1 |a учебные пособия 
675 |a 669(075)  |v 3 
801 1 |a RU  |b 63413507  |c 20110901 
801 2 |a RU  |b 63413507  |c 20110901  |g RCR 
942 |c BK